<?xml version="1.0" encoding="UTF-8"?>
<record
    xmlns:xsi="http://www.w3.org/2001/XMLSchema-instance"
    xsi:schemaLocation="http://www.loc.gov/MARC21/slim http://www.loc.gov/standards/marcxml/schema/MARC21slim.xsd"
    xmlns="http://www.loc.gov/MARC21/slim">

  <leader>00436    a2200181   4500</leader>
  <controlfield tag="003">OSt</controlfield>
  <controlfield tag="005">20230603120123.0</controlfield>
  <controlfield tag="008">230120b        |||||||| |||| 00| 0 eng d</controlfield>
  <datafield tag="020" ind1=" " ind2=" ">
    <subfield code="a">8185605483</subfield>
  </datafield>
  <datafield tag="040" ind1=" " ind2=" ">
    <subfield code="c">  </subfield>
  </datafield>
  <datafield tag="100" ind1=" " ind2=" ">
    <subfield code="a">SWARANKAR</subfield>
    <subfield code="9">106514</subfield>
  </datafield>
  <datafield tag="245" ind1=" " ind2=" ">
    <subfield code="a">COMMUNITY HEALTH NURSING</subfield>
  </datafield>
  <datafield tag="250" ind1=" " ind2=" ">
    <subfield code="a">4TH ED.</subfield>
  </datafield>
  <datafield tag="260" ind1=" " ind2=" ">
    <subfield code="b">N.R. BROTHERS</subfield>
    <subfield code="c">2018</subfield>
  </datafield>
  <datafield tag="300" ind1=" " ind2=" ">
    <subfield code="a">900 PG.</subfield>
  </datafield>
  <datafield tag="650" ind1=" " ind2=" ">
    <subfield code="2">CHN</subfield>
    <subfield code="a">COMMUNITY HEALTH NURSING</subfield>
    <subfield code="9">181704</subfield>
  </datafield>
  <datafield tag="942" ind1=" " ind2=" ">
    <subfield code="2">ddc</subfield>
    <subfield code="c">BK</subfield>
  </datafield>
  <datafield tag="999" ind1=" " ind2=" ">
    <subfield code="c">84092</subfield>
    <subfield code="d">84092</subfield>
  </datafield>
  <datafield tag="952" ind1=" " ind2=" ">
    <subfield code="0">0</subfield>
    <subfield code="1">0</subfield>
    <subfield code="2">ddc</subfield>
    <subfield code="4">0</subfield>
    <subfield code="7">0</subfield>
    <subfield code="a">SNCN</subfield>
    <subfield code="b">SNCN</subfield>
    <subfield code="d">2022-12-06</subfield>
    <subfield code="e">31</subfield>
    <subfield code="g">1120.00</subfield>
    <subfield code="l">8</subfield>
    <subfield code="m">1</subfield>
    <subfield code="o">610.7343/SWA</subfield>
    <subfield code="p">SNCN-BK-3060</subfield>
    <subfield code="r">2025-03-25 00:00:00</subfield>
    <subfield code="s">2025-03-05</subfield>
    <subfield code="v">1400.00</subfield>
    <subfield code="w">2023-01-19</subfield>
    <subfield code="y">BK</subfield>
    <subfield code="z">3060</subfield>
  </datafield>
  <datafield tag="952" ind1=" " ind2=" ">
    <subfield code="0">0</subfield>
    <subfield code="1">0</subfield>
    <subfield code="2">ddc</subfield>
    <subfield code="4">0</subfield>
    <subfield code="7">0</subfield>
    <subfield code="a">SNCN</subfield>
    <subfield code="b">SNCN</subfield>
    <subfield code="d">2022-12-06</subfield>
    <subfield code="e">31</subfield>
    <subfield code="g">1120.00</subfield>
    <subfield code="l">31</subfield>
    <subfield code="m">2</subfield>
    <subfield code="o">610.7343/SWA</subfield>
    <subfield code="p">SNCN-BK-3061</subfield>
    <subfield code="r">2026-01-07 15:18:16</subfield>
    <subfield code="s">2025-12-19</subfield>
    <subfield code="v">1400.00</subfield>
    <subfield code="w">2023-01-19</subfield>
    <subfield code="y">BK</subfield>
    <subfield code="z">3061</subfield>
  </datafield>
  <datafield tag="952" ind1=" " ind2=" ">
    <subfield code="0">0</subfield>
    <subfield code="1">0</subfield>
    <subfield code="2">ddc</subfield>
    <subfield code="4">0</subfield>
    <subfield code="7">0</subfield>
    <subfield code="a">SNCN</subfield>
    <subfield code="b">SNCN</subfield>
    <subfield code="d">2022-12-06</subfield>
    <subfield code="e">31</subfield>
    <subfield code="g">1120.00</subfield>
    <subfield code="l">23</subfield>
    <subfield code="m">3</subfield>
    <subfield code="o">610.7343/SWA</subfield>
    <subfield code="p">SNCN-BK-3062</subfield>
    <subfield code="r">2026-02-16 10:46:40</subfield>
    <subfield code="s">2026-02-03</subfield>
    <subfield code="v">1400.00</subfield>
    <subfield code="w">2023-01-19</subfield>
    <subfield code="y">BK</subfield>
    <subfield code="z">3062</subfield>
  </datafield>
</record>
